000
00280 a2200109 4500
001
13219
082
_a
621.384 ESK
090
_c
10218
_d
10218
100
_a
Eskelinen, P.
245
_a
Practical RF Circuit design for Modern Wireless Systems
260
_a
NY
_b
Artech House
_c
2004
942
_a
NUST-CAE
_k
621.384 ESK
999
_c
248292
_d
248292